15 krajów o największej liczbie zgonów Covid19 - 21 lut 2021 - Statystyki

Ogólne statystyki
  • Ten quiz został rozwiązany 41 razy
  • Średni wynik to 11 z 24
Statystyki odpowiedzi
kraj % Poprawnych
Rosja
92%
Stany Zjednoczone
89%
Niemcy
84%
Francja
78%
Hiszpania
73%
Brazylia
70%
Włochy
68%
Wielka Brytania
59%
Indie
54%
Meksyk
54%
Argentyna
51%
Czechy
51%
Portugalia
46%
Belgia
38%
Chorwacja
27%
Iran
24%
Słowenia
24%
Kolumbia
22%
Węgry
22%
Republika Południowej Afryki
19%
Bułgaria
14%
Peru
14%
Bośnia i Hercegowina
11%
Macedonia Północna
8%
Nie znaleziono quizów pasujących do podanych kryteriów
Rozkład punktacji
Procent ludzi z każdym wynikiem
Percentyl według liczby udzielonych odpowiedzi
Twoja historia wyników
Nie rozwiązałeś tego quizu